[Event "CFriend AR-2003-F-00006 email"]
[Site "Chessfriend.com"]
[Date "2004.05.07"]
[Round "1"]
[White "Bauckmann, Oliver"]
[Black "Thompson, Brian"]
[Result "1/2-1/2"]
[WhiteElo "2098"]
[BlackElo "1876"]
[PlyCount "111"]
[EventDate "2004.??.??"]
[EventType "tourn (corr)"]
[EventRounds "12"]
[SourceTitle "Corr 2008"]
[Source "ChessBase"]
[SourceDate "2008.06.24"]
[SourceVersion "1"]
[SourceVersionDate "2008.06.24"]
[SourceQuality "1"]

1. c4 Nf6 2. Nf3 g6 3. g3 Bg7 4. Bg2 0-0 5. d4 d6 6. 0-0 c6 7. Nc3 Nbd7 8. e4 e5 9. h3 Re8 10. b3 exd4 11. Nxd4 Nc5 12. Re1 a5 13. Bf4 a4 14. b4 Ne6 15. Be3 a3 16. Nde2 Nd7 17. f4 Nb6 18. Qb3 c5 19. Rad1 Bd7 20. Rxd6 Bf8 21. bxc5 Na4 22. Rxd7 Qxd7 23. c6 Qxc6 24. e5 Qa6 25. Bxb7 Reb8 26. Bxa6 Rxb3 27. axb3 Nxc3 28. Nxc3 Bb4 29. Rc1 Bxc3 30. Rxc3 Rxa6 31. Rc1 a2 32. Ra1 f6 33. exf6 Kf7 34. Kf2 Kxf6 35. b4 Ra4 36. b5 Ke7 37. g4 Kd6 38. f5 gxf5 39. gxf5 Nc5 40. Rd1+ Ke5 41. Bxc5 a1Q 42. Rxa1 Rxa1 43. b6 Kxf5 44. Bd4 Ra2+ 45. Kf1 Ra8 46. c5 Ke6 47. c6 Kd6 48. c7 Kd7 49. Ke2 Ra4 50. Bf2 Kc8 51. Kf3 Rc4 52. Be3 Kb7 53. Kg3 Rc3 54. Kf4 Rc4+ 55. Kf3 h5 56. Kg2 1/2-1/2

[Event "CFriend AR-2003-F-00006 email"]
[Site "Chessfriend.com"]
[Date "2004.05.07"]
[Round "1"]
[White "Mueller, Klaus"]
[Black "Bauckmann, Oliver"]
[Result "0-1"]
[WhiteElo "1323"]
[BlackElo "2098"]
[PlyCount "72"]
[EventDate "2004.??.??"]
[EventType "tourn (corr)"]
[EventRounds "12"]
[SourceTitle "Corr 2024"]
[Source "ChessBase"]
[SourceDate "2023.10.19"]
[SourceVersion "1"]
[SourceVersionDate "2023.10.19"]
[SourceQuality "1"]

1. d4 Nf6 2. c4 g6 3. Nc3 Bg7 4. Nf3 d6 5. Bf4 0-0 6. e3 Nbd7 7. Be2 c6 8. 0-0 Nh5 9. Bg5 h6 10. g4 hxg5 11. gxh5 g4 12. Nd2 gxh5 13. f3 e5 14. fxg4 Qg5 15. Rf3 hxg4 16. Rg3 f5 17. d5 Nf6 18. Bf3 Qxe3+ 19. Kh1 gxf3 20. Rxf3 Qh6 21. Qe2 e4 22. Rg3 Nh5 23. Rh3 Nf4 24. Rxh6 Nxe2 25. Rg6 Nxc3 26. bxc3 Kf7 27. Rag1 Bxc3 28. Nf1 Ke7 29. R1g3 Be5 30. Rh3 f4 31. Rh7+ Rf7 32. Rh4 b5 33. Nd2 Bf5 34. Rgh6 Rg8 35. dxc6 e3 36. Nf3 Be4 0-1

[Event "CFriend AR-2003-Q-00007 email"]
[Site "Chessfriend.com"]
[Date "2003.12.03"]
[Round "1"]
[White "Bauckmann, Oliver"]
[Black "Ciortan, Mircea"]
[Result "1-0"]
[WhiteElo "2098"]
[BlackElo "1773"]
[PlyCount "93"]
[EventDate "2003.??.??"]
[EventType "tourn (corr)"]
[EventRounds "12"]
[SourceTitle "Corr 2008"]
[Source "ChessBase"]
[SourceDate "2008.06.24"]
[SourceVersion "1"]
[SourceVersionDate "2008.06.24"]
[SourceQuality "1"]

1. c4 e6 2. Nc3 d5 3. e3 Nf6 4. Nf3 c6 5. Qb3 Nbd7 6. d4 Bd6 7. cxd5 exd5 8. Bd3 Qe7 9. 0-0 Nb6 10. h3 0-0 11. Nb5 cxb5 12. Bxb5 Bd7 13. Bd2 Bxb5 14. Qxb5 Ne4 15. Ba5 Qd7 16. Qxd7 Nxd7 17. a3 b6 18. Bb4 Bxb4 19. axb4 Rfc8 20. Rfc1 Rc4 21. Ne1 Nd6 22. Nd3 Rxc1+ 23. Rxc1 Rc8 24. Rxc8+ Nxc8 25. Nf4 Nf6 26. Ne2 Nd6 27. Nc3 Nc4 28. b3 Nd2 29. f3 Nxb3 30. b5 Na5 31. Kf2 Nb7 32. Ke2 Nd6 33. Kd3 Nde8 34. e4 Nc7 35. h4 h5 36. e5 Nh7 37. Ke3 Nf8 38. g3 Nfe6 39. Kd3 g6 40. Ke3 Kg7 41. Kd3 f6 42. exf6+ Kxf6 43. Ke3 Nd8 44. Kd3 Nb7 45. g4 hxg4 46. fxg4 Nd6 47. Na2 1-0

[Event "CFriend AR-2003-Q-00007 email"]
[Site "Chessfriend.com"]
[Date "2003.12.03"]
[Round "1"]
[White "Bauckmann, Oliver"]
[Black "Lehnhoff, Heinz Georg"]
[Result "0-1"]
[WhiteElo "2098"]
[BlackElo "2209"]
[PlyCount "108"]
[EventDate "2003.??.??"]
[EventType "tourn (corr)"]
[EventRounds "12"]
[SourceTitle "Corr 2008"]
[Source "ChessBase"]
[SourceDate "2008.06.24"]
[SourceVersion "1"]
[SourceVersionDate "2008.06.24"]
[SourceQuality "1"]

1. c4 Nf6 2. Nc3 e6 3. d4 c5 4. d5 exd5 5. Nxd5 Nxd5 6. Qxd5 Be7 7. Nf3 d6 8. e3 Nc6 9. a3 Be6 10. Qd1 d5 11. cxd5 Qxd5 12. Qxd5 Bxd5 13. Bd3 Rd8 14. e4 Bb3 15. Be2 Bc2 16. Nd2 Nd4 17. Bc4 b5 18. Bd5 Bd3 19. Ra2 c4 20. f3 f5 21. b4 cxb3 22. Nxb3 Rxd5 23. exd5 Nxb3 24. Kf2 Nxc1 25. Rxc1 Bc4 26. Raa1 0-0 27. a4 a6 28. axb5 axb5 29. Rd1 Rd8 30. Kg3 Rxd5 31. Rxd5 Bxd5 32. Ra7 Kf7 33. Kf4 Ke6 34. Ra5 g5+ 35. Ke3 b4 36. Rb5 Bc6 37. Ra5 b3 38. Kd3 Bb4 39. Ra1 Kd5 40. Rb1 Bb5+ 41. Ke3 f4+ 42. Kf2 Bc5+ 43. Ke1 Kc4 44. Kd1 Be3 45. Ra1 b2 46. Rb1 Kc3 47. Ke1 Bd2+ 48. Kf2 Bd3 49. Rxb2 Be3+ 50. Ke1 Kxb2 51. Kd1 h5 52. Ke1 Kc2 53. g3 g4 54. h4 gxf3 0-1

[Event "CFriend AR-2003-Q-00007 email"]
[Site "Chessfriend.com"]
[Date "2003.12.03"]
[Round "1"]
[White "Bauckmann, Oliver"]
[Black "Sakai, Kiyotaka"]
[Result "1/2-1/2"]
[WhiteElo "2098"]
[BlackElo "2501"]
[PlyCount "63"]
[EventDate "2003.??.??"]
[EventType "tourn (corr)"]
[EventRounds "12"]
[SourceTitle "Corr 2008"]
[Source "ChessBase"]
[SourceDate "2008.06.24"]
[SourceVersion "1"]
[SourceVersionDate "2008.06.24"]
[SourceQuality "1"]

1. c4 e5 2. Nc3 Nf6 3. g3 Bb4 4. Bg2 0-0 5. Nf3 Nc6 6. 0-0 e4 7. Ng5 Bxc3 8. dxc3 Re8 9. Qc2 Qe7 10. Nh3 Ne5 11. b3 Ng6 12. Bg5 d6 13. Nf4 Nxf4 14. Bxf4 Bf5 15. Rad1 Qe6 16. Qd2 Bh3 17. Bg5 Bxg2 18. Kxg2 b6 19. Bxf6 Qxf6 20. Qe3 Qg6 21. b4 a5 22. c5 dxc5 23. bxc5 b5 24. Rd7 Qe6 25. Rxc7 Qxa2 26. Rd1 a4 27. Qf4 Qe6 28. Rd6 Qc4 29. Rd4 Qe6 30. Rd6 Qc4 31. Rd4 Qe6 32. Rd6 1/2-1/2

[Event "CFriend AR-2003-Q-00007 email"]
[Site "Chessfriend.com"]
[Date "2003.12.03"]
[Round "1"]
[White "Cardelli, Gabriel"]
[Black "Bauckmann, Oliver"]
[Result "1-0"]
[WhiteElo "2253"]
[BlackElo "2098"]
[PlyCount "157"]
[EventDate "2003.??.??"]
[EventType "tourn (corr)"]
[EventRounds "12"]
[SourceTitle "Corr 2024"]
[Source "ChessBase"]
[SourceDate "2023.10.19"]
[SourceVersion "1"]
[SourceVersionDate "2023.10.19"]
[SourceQuality "1"]

1. e4 d6 2. d4 Nf6 3. Nc3 g6 4. Be3 Bg7 5. Qd3 c6 6. Nf3 0-0 7. 0-0-0 Ng4 8. h4 Nxe3 9. Qxe3 Bg4 10. Be2 h6 11. Nd2 Bd7 12. e5 Qb6 13. h5 dxe5 14. Nc4 Qc7 15. Nxe5 g5 16. g3 Bf5 17. f4 Bf6 18. Ne4 Nd7 19. Nxd7 Qxd7 20. fxg5 hxg5 21. Nxg5 c5 22. g4 cxd4 23. gxf5 Qxf5 24. Nxf7 Rxf7 25. Qb3 Kh8 26. Rdf1 Qh7 27. Kb1 Rg7 28. h6 Rg5 29. Qxb7 Qg8 30. Bc4 Rb8 31. Qc6 Rc8 32. Qxf6+ exf6 33. Bxg8 Rgxg8 34. Rxf6 Rg2 35. Rc1 Rc7 36. Rd6 Rg4 37. a4 Kh7 38. b3 Rh4 39. Kb2 Rxh6 40. Rxd4 Rh2 41. Ka3 Kg6 42. c4 Kf6 43. Rf1+ Ke5 44. Rd5+ Ke6 45. Re1+ Kf6 46. Rd6+ Kg5 47. a5 Rh8 48. Rde6 Rhh7 49. R1e5+ Kf4 50. c5 Rhd7 51. Ka4 Rd4+ 52. Kb5 Rb7+ 53. Ka6 Rxb3 54. c6 Rc3 55. Rb5 Rdc4 56. Kb7 a6 57. Rb6 Rc5 58. Rxa6 Rb5+ 59. Rb6 Rxa5 60. c7 Rac5 61. Rec6 Rxc6 62. Rxc6 Rb3+ 63. Rb6 Rc3 64. c8Q Rxc8 65. Kxc8 Ke5 66. Kd7 Kd4 67. Kd6 Kc4 68. Rc6+ Kd4 69. Rc5 Ke4 70. Rd5 Ke3 71. Ke5 Kf3 72. Rd4 Ke3 73. Rd8 Kf3 74. Rd5 Ke3 75. Kf5 Kf3 76. Re5 Kg3 77. Re3+ Kh4 78. Rf3 Kh5 79. Rh3# 1-0

[Event "CFriend AR-2003-Q-00007 email"]
[Site "Chessfriend.com"]
[Date "2003.12.03"]
[Round "1"]
[White "Dobrei, Gheorge Marcel"]
[Black "Bauckmann, Oliver"]
[Result "0-1"]
[WhiteElo "2204"]
[BlackElo "2098"]
[PlyCount "116"]
[EventDate "2003.??.??"]
[EventType "tourn (corr)"]
[EventRounds "12"]
[SourceTitle "Corr 2008"]
[Source "ChessBase"]
[SourceDate "2008.06.24"]
[SourceVersion "1"]
[SourceVersionDate "2008.06.24"]
[SourceQuality "1"]

1. Nf3 Nf6 2. c4 d6 3. d4 g6 4. Nc3 Bg7 5. e4 Bg4 6. Be3 0-0 7. Be2 Nbd7 8. Ng1 Bxe2 9. Ngxe2 h6 10. f3 c5 11. d5 Ne5 12. b3 Qa5 13. Qd2 Kh7 14. 0-0 a6 15. a4 Rae8 16. h3 Ned7 17. Qd3 Ne5 18. Qc2 Qc7 19. Rad1 Ned7 20. g4 Kg8 21. Ng3 Ra8 22. f4 Nh7 23. Nce2 b6 24. Bd2 Nhf6 25. Bc3 b5 26. axb5 axb5 27. Ra1 b4 28. Bb2 Rfe8 29. Kg2 Rxa1 30. Rxa1 e6 31. Ng1 exd5 32. exd5 Nb6 33. Nf3 Nbxd5 34. cxd5 Nxd5 35. Kh2 Nxf4 36. Bxg7 Kxg7 37. Rf1 Nd5 38. Qd2 Nc3 39. g5 h5 40. Qf4 Kg8 41. Nd2 Ne2 42. Nxe2 Rxe2+ 43. Kg3 Qe7 44. Rf2 Re3+ 45. Rf3 Re5 46. h4 Re1 47. Rf2 Qe6 48. Kg2 d5 49. Kh2 Re3 50. Rf3 Re2+ 51. Kg3 c4 52. bxc4 dxc4 53. Nxc4 Re4 54. Qb8+ Kg7 55. Ne3 Rxe3 56. Qxb4 Re4 57. Qb2+ Kh7 58. Kf2 Ra4 0-1

[Event "CFriend AR-2003-Q-00007 email"]
[Site "Chessfriend.com"]
[Date "2003.12.03"]
[Round "1"]
[White "Luethi, Hansjuerg"]
[Black "Bauckmann, Oliver"]
[Result "1-0"]
[WhiteElo "2031"]
[BlackElo "2098"]
[PlyCount "73"]
[EventDate "2003.??.??"]
[EventType "tourn (corr)"]
[EventRounds "12"]
[SourceTitle "Corr 2024"]
[Source "ChessBase"]
[SourceDate "2023.10.19"]
[SourceVersion "1"]
[SourceVersionDate "2023.10.19"]
[SourceQuality "1"]

1. e4 d6 2. d4 Nf6 3. Nc3 g6 4. Bg5 Bg7 5. Qd2 0-0 6. 0-0-0 Nc6 7. Nge2 Ng4 8. Bh4 Qd7 9. f4 e5 10. dxe5 Ncxe5 11. fxe5 Bh6 12. Nf4 g5 13. h3 gxh4 14. hxg4 Qxg4 15. Ncd5 f6 16. exd6 c6 17. Be2 Qg3 18. Ne7+ Kh8 19. Rdf1 Be6 20. Kb1 Rf7 21. Nfg6+ Kg7 22. Qxh6+ Kxh6 23. Nxh4 Qxh4 24. Rxh4+ Kg7 25. Rfh1 Rh8 26. Bg4 Rxe7 27. dxe7 Bf7 28. Rh6 Bg6 29. Rxg6+ Kxg6 30. Bh5+ Kg5 31. Rd1 Kxh5 32. Rd8 Rxd8 33. exd8Q Kg6 34. Qg8+ Kh6 35. g4 a6 36. g5+ Kh5 37. gxf6 1-0